[Event "SRB-chT 1st League Men 2018"]
[Site "Valjevo"]
[Date "2018.08.31"]
[Round "1"]
[White "Yilmaz, Mustafa"]
[Black "Kuzubov, Yuriy"]
[Result "1/2-1/2"]
[WhiteElo "2630"]
[BlackElo "2647"]
[Annotator "TA"]
[PlyCount "36"]
[EventDate "2018.08.31"]
[EventType "team-tourn"]
[EventCountry "SRB"]
[SourceTitle "playchess.com"]
[Source "ChessBase"]
[SourceQuality "1"]

{[%evp 21,33,16,35,29,35,18,18,14,17,0,0,0,29,13]} 1. d4 Nf6 2. c4 e6 3. Nf3 Bb4+ 4. Bd2 Bxd2+ 5. Qxd2 O-O 6. g3 d5 7. Bg2 c6 {E11: Damenindisch (Bogoljubow-Variante)} 8. O-O b6 9. Rc1 Bb7 10. Nc3 Nbd7 11. cxd5 cxd5 {LiveBook: 7 Partien} 12. Ne5 Qe7 13. Nb5 a6 14. Rc7 Rfb8 $1 15. Qg5 h6 $1 {[%cal Rh6g5]} 16. Qh4 {[#] Und Txd7! würde nun gewinnen.} Qb4 {Droht ...Sxe5 und aus.} 17. Nxd7 {[#]} {Vorgänger:} Nxd7 $146 18. Rxd7 Qxb2 {1-0 (69) Li,C (2681)-Gagunashvili,M (2584) Jakarta 2012} 1/2-1/2

[Event "SRB-chT 1st League Men 2018"]
[Site "Valjevo"]
[Date "2018.08.31"]
[Round "1"]
[White "Indjic, Aleksandar"]
[Black "Somborski, Nebojsa"]
[Result "1-0"]
[WhiteElo "2599"]
[BlackElo "2310"]
[Annotator "TA"]
[PlyCount "103"]
[EventDate "2018.08.31"]
[EventType "team-tourn"]
[EventCountry "SRB"]
[SourceTitle "playchess.com"]
[Source "ChessBase"]
[SourceQuality "1"]

{[%evp 9,103,0,8,2,12,-15,-19,-15,0,-30,-31,-34,-50,-36,-29,-66,-50,-41,-33,-36,-40,-37,-33,-56,-23,-52,-52,-59,-60,-58,-44,-52,-44,-58,-51,-55,0,0,0,0,0,0,-5,-41,0,0,0,0,0,0,0,0,0,0,0,0,18,19,85,79,79,38,43,8,8,8,8,8,55,55,165,165,165,165,165,165,165,165,509,504,482,482,29974,29976,29976,29977,29977,29978,29979,29980,29980,29981,29980,29981,29981,29982]} 1. c4 e6 2. Nc3 d5 3. cxd5 exd5 4. d4 c6 5. Bf4 Bd6 {LiveBook: 264 Games} 6. e3 $146 {D31: Queen's Gambit Declined: Semi-Slav without ...Nf6 (+ Marshall Gambit and Noteboom) and Exchange Variation lines without ...Nf6} ({Predecessor:} 6. Bxd6 Qxd6 7. e3 Ne7 8. Bd3 Bf5 9. Nge2 Nd7 10. O-O O-O 11. Nf4 Rfe8 12. Qd2 Nb6 13. b3 a5 14. a4 Qh6 15. Nce2 Nbc8 {1-0 (90) Karjakin,S (2773)-Aronian,L (2767) Saint Louis 2018}) 6... Ne7 7. Bd3 Bxf4 8. exf4 {The position is equal.} Qd6 9. Nge2 (9. g3 {is interesting.} Nd7 10. Qc2 Nf6 11. h3 O-O 12. Kf1) 9... Bf5 10. Bxf5 Nxf5 11. Qd3 g6 12. h4 h5 13. Ng3 Nxg3 14. Qxg3 Nd7 15. O-O O-O 16. Qg5 Qf6 (16... f5 {looks sharper.} 17. Rae1 Kf7 18. Qg3 Rfe8 19. Re5 Qf8) 17. Qxf6 Nxf6 18. f5 gxf5 19. f3 Rfe8 20. Kf2 Nd7 21. Ne2 Kg7 22. Nf4 Nf6 (22... Kh6 $1 $15) 23. a4 a5 24. Rfb1 Ra6 25. b3 Rb6 26. Nd3 Nd7 27. b4 $1 {[%cal Rb4a5]} axb4 28. a5 Rb5 29. Rxb4 Rxb4 30. Nxb4 $11 {[%mdl 4096] Endgame KRN-KRN} Ra8 31. a6 bxa6 32. Nxc6 Kf6 33. Nb4 Ke6 (33... Nb6 $11) 34. Ra5 $16 Nb6 35. Kg3 Nc4 36. Rxa6+ (36. Rc5 {with more complications.} Ne3 37. Kf2 f4 38. Nd3 Kf5 39. Rc7) 36... Rxa6 37. Nxa6 $14 {Hoping for Nc7+. KN-KN} Ne3 $1 38. Nc5+ Kf6 39. Nd3 {aiming for Nf4.} Kg6 (39... Nc2 $14) 40. Nf4+ $18 Kh6 41. Kf2 Nc2 42. Nxd5 Nxd4 43. Nf4 Ne6 $2 (43... Kg7 {is tougher.} 44. Nxh5+ Kg6 45. Nf4+ Kf6) 44. Ke3 Nf8 {[#] and the idea ...Ne6 leaves Black hopeful.} 45. Kd4 $1 Ng6 {[#]} (45... Nd7 $18 46. Kd5 Kh7 47. Nxh5 Kg6) 46. Nxg6 $1 {White mates.} fxg6 {K3P-K3P} 47. Ke5 Kg7 48. Ke6 Kh6 49. f4 Kg7 50. Ke7 Kg8 51. Kf6 Kh7 52. Kf7 {Precision: White = 76%, Black = 32%.} 1-0

[Event "SRB-chT 1st League Men 2018"]
[Site "Valjevo"]
[Date "2018.08.31"]
[Round "1"]
[White "Perunovic, Milos"]
[Black "Predojevic, Borki"]
[Result "1/2-1/2"]
[WhiteElo "2593"]
[BlackElo "2624"]
[Annotator "TA"]
[PlyCount "28"]
[EventDate "2018.08.31"]
[EventType "team-tourn"]
[EventCountry "SRB"]
[SourceTitle "playchess.com"]
[Source "ChessBase"]
[SourceQuality "1"]

{[%evp 18,22,14,7,16,-5,0]} 1. e4 e6 2. d4 d5 3. Nc3 Nf6 4. e5 Nfd7 5. f4 c5 6. Nf3 Nc6 7. Be3 Be7 8. Qd2 a6 9. Bd3 {C11: French: Classical System: 4 e5 and 4 Bg5 dxe4} (9. Be2 O-O 10. O-O b5 11. Nd1 Qb6 12. c3 a5 13. Bf2 f5 14. exf6 Nxf6 15. dxc5 Bxc5 16. Bxc5 Qxc5+ 17. Qe3 Qxe3+ 18. Nxe3 {½-½ (53) Swiercz,D (2663)-Nyzhnyk,I (2605) Philadelphia 2018}) 9... b5 10. O-O {LiveBook: 6 Games} O-O 11. Nd1 b4 (11... c4 $5 12. Be2 $8 a5 $11) {Predecessor:} 12. Nf2 $146 a5 13. c3 Ba6 14. Bxa6 Rxa6 {1-0 (76) De Jong,M (2339)-Elgersma,S (2136) Vlissingen 2018} 1/2-1/2

[Event "SRB-chT 1st League Men 2018"]
[Site "Valjevo"]
[Date "2018.08.31"]
[Round "1"]
[White "Vuckovic, Bojan"]
[Black "Strbac, Mladen"]
[Result "1-0"]
[WhiteElo "2588"]
[BlackElo "2320"]
[Annotator "TA"]
[PlyCount "75"]
[EventDate "2018.08.31"]
[EventType "team-tourn"]
[EventCountry "SRB"]
[SourceTitle "playchess.com"]
[Source "ChessBase"]
[SourceQuality "1"]

{[%evp 27,75,139,131,25,54,66,113,-11,0,-10,-30,-79,-78,-154,-150,-134,-139,-149,-156,-120,-136,-238,-115,-212,-172,-487,-470,-756,-635,-930,-928,-769,-108,-39,0,0,154,83,274,257,193,214,206,216,7661,6548,6299,5883,5285,4709]} 1. e4 e6 2. d4 d5 3. Nc3 Bb4 4. e5 c5 5. a3 Ba5 6. b4 cxd4 7. Qg4 Ne7 8. bxa5 dxc3 9. Qxg7 Rg8 10. Qxh7 Nbc6 11. Nf3 Qxa5 12. Ng5 {C18: French: 3 Nc3 Bb4: Main line: 7 h4 and 7 Qg4} Nxe5 13. f4 f6 14. fxe5 fxg5 {LiveBook: 9 Games} 15. Qh5+ (15. Be3 $1 $16) 15... Kd8 16. Bxg5 Qc7 17. Kd1 (17. Be2 $16) 17... Qc5 $1 $11 18. Bd3 Kc7 19. Qh4 Nc6 $1 20. Re1 (20. Qg3 $142) (20. Qf4 Bd7 21. g3 Raf8 22. Bf6 Rxf6 23. exf6+ e5 24. Qh6 Rh8 25. Qg5 Rh5 {0-1 (24) Tari,A (2570)-Goganov,A (2635) Sweden 2017}) 20... Bd7 $17 21. g4 b5 $146 ({Predecessor:} 21... Raf8 22. Bf6 {0-1 (40) Sisniega,M (2470)-Agdestein,S (2500) Taxco 1985}) 22. Bf6 a5 $1 23. g5 {[#]} b4 $1 24. g6 {[#]} (24. Ke2 $17 {is a better defense.}) 24... Rge8 ({But not} 24... bxa3 25. Bg5) (24... Rab8 $1 $19 {aiming for ...b3.} 25. axb4 axb4) 25. Qf4 (25. g7 $17) 25... Nd4 26. Re3 $2 (26. Bh4 {is a better chance.} Rf8 27. Be7 Qxe7 28. Qxd4) 26... b3 $19 27. Ke1 (27. Rg3 $142 Bb5 28. Qe3) 27... Bb5 28. Rd1 Bxd3 29. Rexd3 bxc2 $2 (29... Nxc2+ $19 {has better winning chances.} 30. Kf1 Nxa3) 30. Rc1 $17 Nf5 {White must now prevent ...Rab8.} 31. Rxc2 d4 $2 ({Black should try} 31... Qg1+ $1 $11 32. Ke2 Qg2+ 33. Kd1 Qh1+ 34. Ke2 Qg2+ 35. Kd1 Qg1+ 36. Ke2 Kb7) 32. Qf3 $16 Rab8 $2 {[#]} (32... Kb6 $16 {keeps fighting.}) 33. Rdxc3 $1 {[%mdl 512]} dxc3 34. Rxc3 Rb1+ 35. Kd2 Nd4 $2 (35... Rb2+ 36. Kd1 Rb1+ 37. Kc2 Rb5) 36. Rxc5+ $18 {White is clearly winning.} Kb6 37. Qd3 Nb3+ 38. Ke3 {Precision: White = 26%, Black = 36%.} 1-0

[Event "SRB-chT 1st League Men 2018"]
[Site "Valjevo"]
[Date "2018.08.31"]
[Round "1"]
[White "Bogosavljevic, Boban"]
[Black "Radlovacki, Jovan"]
[Result "1/2-1/2"]
[WhiteElo "2518"]
[BlackElo "2300"]
[Annotator "TA"]
[PlyCount "159"]
[EventDate "2018.08.31"]
[EventType "team-tourn"]
[EventCountry "SRB"]
[SourceTitle "playchess.com"]
[Source "ChessBase"]
[SourceQuality "1"]

{[%evp 17,159,30,26,27,68,70,73,27,31,26,27,27,27,31,29,13,10,11,8,0,4,4,14,6,16,18,19,0,8,5,2,0,6,18,132,144,103,24,34,18,71,22,174,189,210,199,196,210,200,201,218,201,314,178,207,206,324,331,331,331,331,335,331,330,330,324,330,277,324,128,135,8,8,8,8,8,8,8,8,8,8,8,8,8,8,8,8,8,8,8,8,8,8,8,8,8,8,8,8,8,8,8,8,8,8,0,8,8,8,8,8,8,8,8,8,0,8,8,8,8,8,8,8,0,8,8,8,0,8,0,8,8,8,8,8,8,8,8,8,8,8,0,8,8]} 1. Nf3 Nf6 2. g3 c5 3. Bg2 e6 4. O-O Be7 5. c4 O-O 6. d4 cxd4 7. Nxd4 a6 8. Nc3 Qc7 9. Na4 {A30: Symmetrical English: Double Fianchetto and Hedgehog} d6 {LiveBook: 4 Games} 10. Be3 Nfd7 $146 ({Predecessor:} 10... Ng4 11. Bd2 Nc6 12. Nxc6 bxc6 13. Rc1 Bb7 14. c5 d5 15. e4 Nf6 16. Bc3 Nd7 {0-1 (51) Sumets,A (2583)-Kunin,V (2502) Gent 2013}) 11. Rc1 {White is slightly better.} Nc6 12. h3 (12. c5 $5 d5 13. Nb6 $14) 12... Rb8 13. Nc3 Nxd4 14. Qxd4 b6 15. Rfd1 Rd8 16. b4 Ne5 17. Na4 Bf6 {[#] And now ...Nf3+! would win.} 18. Qf4 Bd7 19. Nc3 Be7 20. b5 $36 {[%mdl 2048] White is more active.} Qa7 21. a4 axb5 22. Nxb5 Qxa4 23. Nxd6 f6 24. c5 bxc5 25. Bxc5 g5 (25... Bc6 $11 {keeps the balance.}) 26. Qe3 $16 Rb3 {[#]} 27. Qd4 (27. Qd2 $1 $16) 27... Qxd4 $11 28. Rxd4 Rdb8 (28... Be8 $11 {remains equal.}) 29. Nb7 R8xb7 $2 (29... R3xb7 $11 {and Black is okay.} 30. Bxe7 Rb1) 30. Bxe7 $18 Rb1 31. Rdd1 Rxc1 32. Rxc1 Rb2 33. Bxf6 Rxe2 34. Bxg5 Nd3 (34... Bb5 {was worth a try.} 35. Rc5 Bd3) 35. Rd1 (35. Rc7 $142 Ba4 36. Be3) 35... Bb5 36. Bf1 Re1 (36... Re5 {was necessary.} 37. h4 (37. Bxd3 Rxg5 38. Bxb5 Rxb5 $18) 37... Rd5) 37. Rxe1 Nxe1 38. Bxb5 Nf3+ 39. Kg2 Nxg5 {[%mdl 4096] Endgame KB-KN} 40. f4 Ne4 41. Bc4 Kf7 42. g4 Nd6 43. Ba2 $2 (43. Bd3 $18 {has better winning chances.}) 43... Kf6 $16 44. g5+ (44. Bb1 $16 h6 45. h4) 44... Kf5 $11 {The position is equal.} 45. Kf3 e5 46. h4 h6 $1 47. gxh6 e4+ 48. Ke3 {Intending h7 and mate.} Kg6 49. Be6 (49. h7 {keeps more tension.} Kxh7 50. Kd4 Kg6 51. Ke5 e3 52. Bb1+) 49... Kxh6 50. Bg4 Kg6 51. Kd4 Kf6 52. h5 Kg7 53. Ke5 Ne8 54. Be2 e3 55. Bf3 Kh6 56. Kd4 $1 {[%cal Rd4e3]} Ng7 57. Kxe3 Ne6 $1 58. f5 Nf8 59. Kf4 {Strongly threatening f6.} Nh7 60. Bd1 Nf6 61. Bf3 {Hoping for Be2.} Ng8 62. Ke5 {White wants to mate with Bd5.} Kg5 63. Ke6 Nf6 64. Bd1 Ne8 65. Ke7 Nf6 66. Ke6 {next Be2 is good for White.} Ne8 67. Ke5 Nf6 68. Be2 Nd7+ 69. Ke6 Nf6 70. Bd1 Ne4 71. Bc2 Nf6 $1 72. Bd1 {Black should prevent Be2.} Ne4 73. Be2 Nf6 74. Bf3 Nh7 75. Kf7 Kxf5 76. Kg7 $1 {[%cal Rg7h7]} Nf6 $1 77. h6 {Black must now prevent Be4+.} Kg5 78. Bg4 Ne8+ 79. Kf8 {h7 is the strong threat.} Kxh6 80. Kxe8 {Precision: White = 49%, Black = 64%.} 1/2-1/2

[Event "SRB-chT 1st League Men 2018"]
[Site "Valjevo"]
[Date "2018.08.31"]
[Round "1"]
[White "Roganovic, Milos"]
[Black "Lajthajm, Borko"]
[Result "1/2-1/2"]
[WhiteElo "2517"]
[BlackElo "2407"]
[Annotator "TA"]
[PlyCount "29"]
[EventDate "2018.08.31"]
[EventType "team-tourn"]
[EventCountry "SRB"]
[SourceTitle "playchess.com"]
[Source "ChessBase"]
[SourceQuality "1"]

{[%evp 18,29,29,8,10,14,12,0,10,6,8,0,0,0]} 1. e4 e5 2. Nf3 Nc6 3. Bc4 Bc5 4. O-O Nf6 5. d3 d6 6. c3 Bb6 7. Bb3 h6 8. Nbd2 O-O 9. Nc4 Be6 10. Bc2 {LiveBook: 3 Partien. C54: Italienische Partie (Hauptvariante)} (10. Nxb6 Bxb3 11. axb3 axb6 12. Be3 Rxa1 13. Qxa1 d5 14. exd5 Qxd5 15. Qd1 Rd8 16. Ne1 Qe6 17. Qc2 Qf5 {1-0 (82) Atabayev,M (2492)-Zhang,Z (2645) Doha 2016}) 10... Bxc4 {Die Stellung ist ausgeglichen.} 11. dxc4 a5 12. h3 Nd7 $146 ({Vorgänger:} 12... Ne7 13. Nh4 g5 14. Qf3 Kg7 {½-½ (54) Perez Garcia,R (2406)-Gomez Fontal,F (2463) Villa Clara 1999}) 13. Nh2 Qh4 14. Qg4 Qxg4 15. Nxg4 1/2-1/2

[Event "SRB-chT 1st League Men 2018"]
[Site "Valjevo"]
[Date "2018.08.31"]
[Round "1"]
[White "Zajic, Milan"]
[Black "Nikolic, Predrag"]
[Result "1-0"]
[WhiteElo "2503"]
[BlackElo "2584"]
[Annotator "TA"]
[PlyCount "89"]
[EventDate "2018.08.31"]
[EventType "team-tourn"]
[EventCountry "SRB"]
[SourceTitle "playchess.com"]
[Source "ChessBase"]
[SourceQuality "1"]

{[%evp 20,89,36,20,35,32,45,28,27,22,27,27,23,13,32,32,49,28,116,110,117,119,99,81,81,72,87,85,84,85,102,105,102,102,95,87,105,103,108,106,103,105,110,112,112,108,110,113,134,128,179,168,187,96,100,93,96,98,218,207,405,394,327,406,12833,12826,12843,12843,29978,12844,12845,12845]} 1. e4 e5 2. Nf3 Nc6 3. Bb5 a6 4. Ba4 Nf6 5. O-O Be7 6. d3 b5 7. Bb3 d6 8. a4 Bg4 9. c3 O-O 10. h3 {C84: Closed Ruy Lopez: Unusual White 6th moves} Bd7 11. Bc2 {LiveBook: 7 Games} h6 $146 ({Predecessor:} 11... Re8 12. Re1 Bf8 13. Bg5 b4 14. Nbd2 h6 15. Bh4 Be7 16. Bg3 Rb8 17. d4 bxc3 18. bxc3 exd4 19. cxd4 Nb4 20. Bb1 Nh7 21. Nc4 Ng5 22. Nfd2 d5 23. Ne5 Be6 24. Nef3 Nxe4 {½-½ (24) Svetushkin,D (2594)-Iordachescu,V (2646) Brasov 2011}) 12. Nbd2 {White is slightly better.} d5 13. exd5 Nxd5 14. d4 exd4 15. Nb3 Re8 16. Nbxd4 Nxd4 17. Nxd4 $40 {[%mdl 128] Black needs to defend precisely.} c5 18. Nxb5 axb5 (18... Bc6 $11 {remains equal.} 19. Na3 Bg5) 19. Qxd5 $16 Bf8 {[%cal Rb5a4]} 20. Rd1 Qc7 21. Be3 ({Much worse is} 21. Qxd7 $6 Re1+ 22. Rxe1 Qxd7 $11) 21... Bc6 22. Qd3 $1 {[%csl Gc2][%cal Rd3h7]} Be4 23. Qe2 bxa4 24. Rxa4 Rxa4 25. Bxa4 Re6 26. Bc2 Bc6 27. Qg4 g6 28. Bb3 h5 29. Qe2 Rd6 30. Rxd6 Bxd6 31. Qd3 Kg7 32. Bd5 Qd7 {Threatens to win with ...Bxd5.} 33. c4 Be7 34. b3 Bxd5 (34... Bd6 $16 {was worth a try.} 35. g3 Bxd5 36. cxd5 (36. Qxd5 Qe7 $16) 36... Qe7) 35. cxd5 $18 Qd6 36. Qc3+ ({Better is} 36. g3 $18) 36... Kg8 $16 37. Qc4 h4 38. Qe4 Bf6 (38... Qf6 $16) 39. Bf4 $18 Qb6 $2 (39... Qa6 40. Be5 Qb6) 40. Qe8+ Kg7 {[#]} 41. d6 $1 {[%cal Bd5d6,Bd6d7][%mdl 32] aiming for Be5.} c4 {[#]} (41... Bd8 $142 42. d7 g5) 42. Be5 $1 {[%cal Re5f6]} Qxb3 43. d7 Qb1+ 44. Kh2 Qf5 45. f4 {Precision: White = 85%, Black = 37%.} 1-0

[Event "SRB-chT 1st League Men 2018"]
[Site "Valjevo"]
[Date "2018.08.31"]
[Round "1"]
[White "Stojanovic, Mihajlo"]
[Black "Levnajic, Pavle"]
[Result "1-0"]
[WhiteElo "2494"]
[BlackElo "2256"]
[Annotator "TA"]
[PlyCount "67"]
[EventDate "2018.08.31"]
[EventType "team-tourn"]
[EventCountry "SRB"]
[SourceTitle "playchess.com"]
[Source "ChessBase"]
[SourceQuality "1"]

{[%evp 15,67,50,83,73,103,102,97,88,97,92,123,102,105,94,238,238,240,238,238,229,243,238,243,192,231,235,285,271,246,240,376,382,514,507,516,515,642,607,633,616,651,652,899,885,895,798,29972,29967,29973,29976,29975,29976,29992,29993]} 1. Nf3 {King,D} Nf6 2. c4 g6 3. Nc3 Bg7 4. e4 d6 5. d4 O-O 6. Be2 c6 7. O-O Na6 8. Bf4 {E91: Königsindisch (Klassisches System)} Nh5 {LiveBook: 3 Partien} 9. Bg5 h6 10. Be3 {Weiß steht besser.} e5 11. Qd2 Kh7 12. Rad1 {[#] Droht dxe5 und aus.} Bg4 $146 ({Vorgänger:} 12... Qe8 13. Rfe1 b6 14. h3 Bb7 15. d5 Nf6 {1-0 (63) Shchekachev,A (2560)-Glek,I (2580) St Petersburg 1998 CBM 067 [King,D]}) 13. h3 Bxf3 14. Bxf3 Qh4 (14... exd4 $16 15. Bxd4 Bxd4) 15. dxe5 $18 Bxe5 16. Bxh6 Nf4 17. Bxf8 Rxf8 18. Rfe1 Kg7 19. Re3 Rh8 20. Bg4 Nc5 21. b4 Nce6 22. Bxe6 fxe6 (22... Nxe6 {war angesagt.} 23. Ne2 a6) 23. Ne2 Qh6 24. c5 Rd8 25. Nxf4 Bxf4 26. Qb2+ Be5 27. Qb3 Qf4 28. Qxe6 Rf8 {[#]} 29. Rf3 $1 {[%cal Rf3f4]} Qh2+ 30. Kf1 Bf4 31. cxd6 {Weiß setzt Matt.} Rf6 32. Qxf6+ Kxf6 33. d7 Ke5 34. d8=Q {Precision: Weiß = 78%, Schwarz = 34%.} 1-0

[Event "SRB-chT 1st League Men 2018"]
[Site "Valjevo"]
[Date "2018.08.31"]
[Round "1"]
[White "Kovacevic, Aleksandar"]
[Black "Benkovic, Petar"]
[Result "1/2-1/2"]
[WhiteElo "2489"]
[BlackElo "2400"]
[Annotator "TA"]
[PlyCount "87"]
[EventDate "2018.08.31"]
[EventType "team-tourn"]
[EventCountry "SRB"]
[SourceTitle "playchess.com"]
[Source "ChessBase"]
[SourceQuality "1"]

{[%evp 22,87,62,58,65,54,61,38,50,29,46,17,34,18,29,33,34,28,16,6,11,11,9,-7,30,36,62,31,22,0,0,0,0,0,0,0,0,0,0,-6,0,0,0,0,0,0,36,-14,-10,-7,0,0,0,-15,0,-17,-9,-21,0,-14,0,0,148,0,0,0,0,0]} 1. e4 c5 2. Nf3 e6 3. d4 cxd4 4. Nxd4 a6 5. c4 Nf6 6. Nc3 Qc7 7. Be2 b6 8. O-O Bb7 {B41: Sicilian: Kan Variation: 5 c4} 9. f3 Bd6 10. Kh1 Be7 11. Be3 d6 12. Qd2 {LiveBook: 4 Games} O-O 13. Rfc1 {[#]} Rc8 $146 ({Predecessor:} 13... Nbd7 14. a4 Rab8 15. b4 Ba8 16. Nd1 {½-½ (29) Kanarek,M (2500)-Zubov,A (2611) Krakow 2014}) 14. a4 Qd8 15. Bf1 h6 16. Qf2 Nfd7 17. Rc2 Bh4 18. Qd2 Ne5 19. Nd1 Be7 20. Nf2 Nbd7 21. a5 bxa5 22. Rxa5 Qf8 (22... d5 $5) 23. Ra1 Nf6 24. Nb3 {[%cal Bd4b3,Bb3a5,Ba5c4,Bc4e3][%mdl 32]} d5 25. exd5 exd5 {[%cal Re5c4]} 26. c5 {Black should prevent Na5.} Nc4 $1 {[%cal Rc4d2]} 27. Bxc4 dxc4 28. Na5 Bd5 29. Bd4 {[#] Hoping for Bxf6.} Rd8 30. Qc3 Nh5 (30... Bxc5 $6 31. Bxf6 gxf6 32. Ng4 $14) 31. Nxc4 {aiming for Nb6.} Bxc5 32. Bxc5 Qxc5 33. Qe5 {Threatens to win with Ne3.} Qa7 34. Ne3 Re8 35. Qxd5 {Strongly threatening Nf5.} Qxe3 36. Ne4 $36 {[%mdl 2048] White has some pressure.} (36. Qxh5 $2 {[#] is a self mate.} Qe1+ $1 {[%mdl 512]} 37. Rxe1 Rxe1#) 36... Nf4 {[%cal Bh5f4,Bf4d3,Bd3f2][%mdl 32]} 37. Qf5 {And now Rc3 would win.} Nd3 38. Rf1 Re5 39. Qd7 $1 Rf8 40. Rc3 Nf2+ 41. Kg1 ({Don't play} 41. Nxf2 Qxf2 42. Qd3 Re1 $17) 41... Nh3+ $1 42. Kh1 Nf2+ $1 43. Kg1 ({Of course not} 43. Nxf2 Qxf2 44. Qd3 Re1 $17) 43... Nh3+ $1 44. Kh1 {Precision: White = 44%, Black = 51%.} 1/2-1/2

[Event "SRB-chT 1st League Men 2018"]
[Site "Valjevo"]
[Date "2018.08.31"]
[Round "1"]
[White "Pap, Misa"]
[Black "Nenezic, Marko"]
[Result "1/2-1/2"]
[WhiteElo "2478"]
[BlackElo "2506"]
[Annotator "TA"]
[PlyCount "40"]
[EventDate "2018.08.31"]
[EventType "team-tourn"]
[EventCountry "SRB"]
[SourceTitle "playchess.com"]
[Source "ChessBase"]
[SourceQuality "1"]

{[%evp 21,40,26,33,0,38,0,0,0,0,0,0,0,0,0,0,0,0,0,0,0,0]} 1. e4 c5 {[%cal Bc7c5,Bc5d4][%mdl 32]} 2. c3 d5 3. exd5 Qxd5 4. d4 g6 5. Nf3 Bg7 6. Na3 cxd4 7. Bc4 {B06: Modern Defence} Qe4+ 8. Be3 Nh6 {[%cal Bg8h6,Bh6f5,Bf5d4,Bd4f3,Bf3d2][%mdl 32]} 9. Bd3 Qd5 10. Bc4 Qe4 11. cxd4 O-O {LiveBook: 106 Games} 12. Nb5 {[#] Hoping for Nc7.} Nf5 13. Nc7 {And now Bd5 would win.} (13. Qe2 Nc6 14. O-O Nd6 15. Nc3 Qf5 16. Bb3 Qh5 {½-½ (46) Navara,D (2726)-Guseinov,G (2647) Antalya 2017}) 13... Nc6 {The position is equal.} 14. Nxa8 {aiming for Qd3.} Ncxd4 {White must now prevent ...Nc2+.} 15. Nxd4 Nxd4 16. O-O {[#] Nc7 is the strong threat.} Bh3 $1 17. gxh3 Nf3+ 18. Kh1 $146 Nd2+ $1 19. Kg1 Nf3+ $1 20. Kh1 Nd2+ $1 1/2-1/2

[Event "SRB-chT 1st League Men 2018"]
[Site "Valjevo"]
[Date "2018.08.31"]
[Round "1"]
[White "Milanovic, Danilo"]
[Black "Markus, Robert"]
[Result "1/2-1/2"]
[WhiteElo "2454"]
[BlackElo "2613"]
[Annotator "TA"]
[PlyCount "36"]
[EventDate "2018.08.31"]
[EventType "team-tourn"]
[EventCountry "SRB"]
[SourceTitle "playchess.com"]
[Source "ChessBase"]
[SourceQuality "1"]

{[%evp 21,24,-27,-22,-31,-30]} 1. d4 Nf6 2. c4 d6 3. Nc3 Nbd7 4. e4 e5 5. Nge2 c6 6. f3 Be7 7. Be3 O-O 8. Qd2 d5 {A53: Old Indian Defence without Nf3} 9. cxd5 (9. Ng3 dxe4 10. Ncxe4 Nxe4 11. Nxe4 Nf6 12. Ng3 exd4 13. Bxd4 Bb4 14. Qxb4 Qxd4 15. Rd1 Qe5+ 16. Kd2 {0-1 (67) Mecking,H (2590)-Vescovi,G (2637) Campinas 2011}) 9... cxd5 10. exd5 exd4 11. Bxd4 Nb6 {LiveBook: 4 Games} 12. O-O-O Nbxd5 {Predecessor:} 13. Kb1 $146 Bf5+ 14. Ka1 Nb4 15. a3 Nc2+ 16. Ka2 Qa5 17. Ne4 Qd5+ 18. b3 Nxe4 {0-1 (18) Herraiz Hidalgo,H (2260)-Bernal Moro,L (2400) Spain 1995} 1/2-1/2

[Event "SRB-chT 1st League Men 2018"]
[Site "Valjevo"]
[Date "2018.08.31"]
[Round "1"]
[White "Arsovic, Zoran"]
[Black "Radovanovic, Mihajlo"]
[Result "1/2-1/2"]
[WhiteElo "2422"]
[BlackElo "2408"]
[Annotator "TA"]
[PlyCount "96"]
[EventDate "2018.08.31"]
[EventType "team-tourn"]
[EventCountry "SRB"]
[SourceTitle "playchess.com"]
[Source "ChessBase"]
[SourceQuality "1"]

{[%evp 31,96,20,20,20,20,18,26,36,41,49,79,60,208,206,200,192,202,204,200,184,216,215,335,229,214,229,212,168,268,215,228,136,140,0,0,0,0,0,0,0,48,41,39,31,56,48,74,18,44,0,16,0,15,17,29,22,25,6,12,0,0,0,0,0,0,0,0]} 1. Nf3 Nf6 2. c4 g6 3. Nc3 Bg7 4. e4 d6 5. d4 O-O 6. Be2 e5 7. O-O Nc6 8. Be3 Ng4 9. Bg5 f6 10. Bc1 f5 11. d5 Ne7 12. Ng5 Nf6 {E97: King's Indian: Classical Main Line (6...e5 7 0-0 Nc6): 8 Be3 and 8 d5 Ne7, not 9 Ne1} 13. exf5 gxf5 14. f4 e4 15. Be3 h6 16. Ne6 Bxe6 $1 {LiveBook: 3 Games} 17. dxe6 c6 18. Qb3 Qc8 {[#]} 19. Rad1 $146 ({Predecessor:} 19. Rfd1 Rd8 20. Rd2 Qxe6 {1-0 (49) Arutinian,D (2576)-Miroshnichenko,E (2647) Cappelle-la-Grande 2008}) 19... Rd8 20. Rd2 $1 b6 {[#]} 21. Rfd1 $1 {[%cal Bf1d1,Bd1d6,Bd6e6][%mdl 32]} Ne8 {[#]} (21... Qc7 $14) 22. Bh5 $1 $18 Qxe6 23. Bxe8 $1 Rxe8 24. Rxd6 Qf7 25. Rd7 Kh8 26. R1d6 Rg8 (26... Qh5 $142 27. Qc2 Ng8) 27. c5 Qxb3 28. axb3 Rge8 29. Re6 Bf8 (29... Ng8 {keeps fighting.} 30. Rxc6 Rac8 31. Rxc8 Rxc8 32. cxb6 axb6) 30. Kf2 Rad8 31. Rxa7 (31. Rb7 $18) 31... bxc5 $16 32. Na4 (32. Bxc5 $16 Nc8 33. Bd4+ Rxd4 34. Rxe8 Nxa7 35. Rxf8+ Kg7 36. Rxf5) 32... Nd5 $11 33. Rxe8 Rxe8 34. Rf7 ({Not} 34. Bxc5 $2 e3+ 35. Bxe3 Rxe3 $19) 34... Bg7 {Threatens to win with ...Bd4.} 35. Nxc5 Nf6 36. Ke2 {Bd4 is the strong threat.} Kg8 37. Rc7 {And now Bd4 would win.} Nd5 38. Rxc6 Bxb2 39. Na4 ({Better is} 39. Bd2 $16) 39... Bg7 40. Rc5 Rd8 41. Rb5 Nxe3 42. Kxe3 {[%mdl 4096] Endgame KRB-KRN} Bd4+ 43. Ke2 Rc8 44. Rd5 Bg1 $1 {The position is equal.} 45. h3 Rc2+ 46. Rd2 Rc1 47. Rd1 Rc2+ 48. Rd2 Rc1 {Precision: White = 48%, Black = 55%.} 1/2-1/2